Aktualizácia právnych predpisov v publikácii Občianske právo s vysvetlivkami občianske právo s vysvetlivkami
Saved in:
| Format: | Serial |
|---|---|
| Language: | Slovak |
| Published: |
Bratislava
Wolters Kluwer
|
| Subjects: | |
| Tags: |
No Tags, Be the first to tag this record!
|
MARC
| LEADER | 00000nas1a2200000$$$4500 | ||
|---|---|---|---|
| 001 | 0005605 | ||
| 005 | 20231130103454.5 | ||
| 041 | 0 | |a slo | |
| 044 | |a SK | ||
| 245 | 1 | 0 | |a Aktualizácia právnych predpisov v publikácii Občianske právo s vysvetlivkami |b občianske právo s vysvetlivkami |
| 264 | 1 | |a Bratislava |b Wolters Kluwer | |
| 610 | 2 | 0 | |a právo občianske |
| 610 | 2 | 0 | |a zákony |